Nghiên cứu quá trình phân hủy kị khí của nước thải thủy sản và nước thải lò giết mổ gia súc Luận văn tốt nghiệp đại học ngành Kỹ thuật môi trường

Nghiên cứu quá trình phân hủy kị khí của nước thải thủy sản và nước thải lò giết mổ gia súc với mong muốn đưa thiết bị nghiên cứu kị khí vào phục vụ giảng dạy và nghiên cứu khoa học

Sparad:
Bibliografiska uppgifter
Huvudupphovsman: Nguyễn, Hữu Đức
Materialtyp: Bok
Språk:Undetermined
Publicerad: Cần Thơ Trường Đại học Cần Thơ 2011
Ämnen:
Taggar: Lägg till en tagg
Inga taggar, Lägg till första taggen!
Thư viện lưu trữ: Trung tâm Học liệu Trường Đại học Cần Thơ
LEADER 01323nam a2200229Ia 4500
001 CTU_178627
008 210402s9999 xx 000 0 und d
082 |a 628.4 
082 |b Đ552 
088 |a 1087331 , 1080837 
100 |a Nguyễn, Hữu Đức 
245 0 |a Nghiên cứu quá trình phân hủy kị khí của nước thải thủy sản và nước thải lò giết mổ gia súc 
245 0 |b Luận văn tốt nghiệp đại học ngành Kỹ thuật môi trường 
245 0 |c Nguyễn Hữu Đức, Đặng Thị Yến ; Huỳnh Long Toản, Lê Hoàng Việt (Hướng dẫn khoa học) 
260 |a Cần Thơ 
260 |b Trường Đại học Cần Thơ 
260 |c 2011 
520 |a Nghiên cứu quá trình phân hủy kị khí của nước thải thủy sản và nước thải lò giết mổ gia súc với mong muốn đưa thiết bị nghiên cứu kị khí vào phục vụ giảng dạy và nghiên cứu khoa học 
650 |a Nước thải,Enviroment management,Wastewaters,Xử lý nước thải,Quản lý môi trường 
650 |x Thanh lọc,Purification 
910 |a Nguyên 
980 |a Trung tâm Học liệu Trường Đại học Cần Thơ